| 000 | 00784nam a2200253Ia 4500 | ||
|---|---|---|---|
| 003 | OSt | ||
| 005 | 20220918164520.0 | ||
| 006 | a|||||r|||| 00| 0 | ||
| 007 | ta | ||
| 008 | 220917b |||||||| |||| 00| 0 eng d | ||
| 020 |
_a0670058041 (hbk) _c425 |
||
| 024 | _a285,276 | ||
| 037 |
_b12204, 27/03/2015, Elite Publishers Distributors _cTextual |
||
| 040 |
_aARTS _cARTS _beng |
||
| 041 |
_2eng _aeng |
||
| 082 | _aO111,3N50,IW, P3 | ||
| 100 |
_aVassanji M G _919269 |
||
| 245 | 0 | _aThe in between world of Vikram Lall | |
| 260 |
_aNew Delhi _bViking India _c2003 |
||
| 300 |
_a403p. _ccm. |
||
| 650 | _aENGLISH LITERATURE | ||
| 942 |
_hO111,3N50,IW, P3 _cTEXL _2CC |
||
| 999 |
_c125136 _d125136 |
||